000
00304nam a2200121Ia 4500
008
190216s9999||||xx |||||||||||||| ||und||
100
_a
Sastry S S
245
0
_a
Introductory Methods Of Numerical Analysis
260
_b
Prentice Hall India
_c
1977
300
_a
200p
650
_a
Mathematics
942
_c
BK
999
_c
30861
_d
30861